00000000cam 2200000zi 4500
0019.957974
003CaOODSP
00520260605131424
006m     o  d f      
007cr mn|||||||||
008251204t20252025onca    o    f000 0 eng d
020 |a9780660975771
040 |aCaOODSP|beng|erda|cCaOODSP
043 |an-cn---
0861 |aBT39-66/2025E-PDF
24500|aAdvancing employment for persons with disabilities : |bprogress update on the accessibility strategy (2025).
264 1|aOttawa, Ontario : |bTreasury Board of Canada Secretariat = Secrétariat du Conseil du trésor du Canada, |c2025.
264 4|c©2025
300 |a1 online resource (9 pages) : |billustrations
336 |atext|btxt|2rdacontent
337 |acomputer|bc|2rdamedia
338 |aonline resource|bcr|2rdacarrier
500 |aIssued also in French under title: Faire progresser l'emploi des personnes en situation de handicap : progrès accomplis dans le cadre de la stratégie sur l'accessibilité (2025).
500 |a"Published: 2025-12-02."
650 0|aBarrier-free design|xGovernment policy|zCanada.
650 0|aPeople with disabilities in the civil service|xGovernment policy|zCanada.
650 0|aPeople with disabilities|xGovernment policy|zCanada.
7101 |aCanada. |bTreasury Board, |eissuing body.
77508|tFaire progresser l'emploi des personnes en situation de handicap : |w(CaOODSP)9.957975
795 |tAnnual progress update on the accessibility strategy (2024).|w(CaOODSP)9.946239
85640|qPDF|s12.40 MB|uhttps://publications.gc.ca/collections/collection_2026/sct-tbs/BT39-66-2025-eng.pdf
8564 |qHTML|sN/A|uhttps://www.canada.ca/en/government/publicservice/wellness-inclusion-diversity-public-service/diversity-inclusion-public-service/accessibility-public-service/progress-reports-accessibility-strategy-public-service-canada/annual-progress-update-accessibility-strategy-2025.html